00957nam a2200241 a 4500001001000000003000500010005001700015008004100032010001100073011001100084040000900095100004000104245020700144260004100351500006000392502007200452650002800524650002600552650002600578650002500604856001600629856007000645000113006CHAP20220329144333.0170314s2016 mx sm |||||||spa d a109467 a110439 cCHAP1 aBermúdez Serrano, Eduardo Enrique10aProductividad del agua de lluvia, del suelo, del capital y laboral en el cultivo de café (coffea arabica) en el DDR Motozintla, Chiapas, Méxicoh[En línea]cpor Eduardo Enrique Bermúdez Serrano. aChapingo, Méx. :bEl autor,c2016. aPara ver el contenido del material haga clic en la liga aTesis (Ing. en Irrigación ) -- UACH. Departamento de Irrigación14aCaféxAgua requerida.14aCaféxIrrigación.14aCaféxProducción.14aCaféxRendimiento. a1 n0000944 aFinding aiduhttp://10.13.5.2/tesis/sist113006.pdfzTeclea aquí